000 00797nam a2200229 i 4500
001 134082
003 ES-MaACL
007 t|
008 070905s1977 sp ||||1| spa d
100 1 _aWarring, R. H.
_9116131
245 1 0 _aSelección de bombas
_b: sistemas y aplicaciones /
_cR. H. Warring ; traducción Ramón Berga Rosell, Alberto Oliart Furrellat, Luis Virto Albert.
250 _a1ª ed.
260 _aBarcelona :
_bLabor,
_c1977.
300 _a362 p. ;
_c20 cm.
490 1 _aNuevos manuales técnicos Labor ;
_v27
700 1 _aBerga Rosell, Ramón.
_927917
700 1 _aOliart Furrellat, Alberto.
_986714
700 1 _aVirto Albert, Luis.
_9115468
830 0 _aNuevos manuales técnicos Labor ;
_v27
_9181525
852 _aES-MaACL
_jL-9993
_bR.112150
999 _c134082
_d134082